| 000 | 02174nam0a2200337 4500 | ||
|---|---|---|---|
| 001 | RU\NLR\bibl\1234432 | ||
| 005 | 20260407183642.0 | ||
| 021 |
_aRU _b2008-26319 _91451 |
||
| 035 | _a(NLR Aleph) 001220682 | ||
| 090 |
_a136416 _c136416 |
||
| 100 | _a20080530d2007 |||y0rusy50 ca | ||
| 101 | 0 |
_arus _achv |
|
| 102 | _aRU | ||
| 105 | _aa ||||||||| | ||
| 200 | 1 |
_aЧеловек. Гражданин. Ученый _e(ЧГУ - 2007) _eсборник трудов конференции Открытого фестиваля студенческой молодежи, посвященной 40-летию Чувашского государственного университета имени И. Н. Ульянова _f[редкол.: ... к. ист. н., проф. Т. Н. Иванова - отв. ред. и др.] |
|
| 210 |
_aЧебоксары _cИзд-во Чувашского университета _d2007 |
||
| 215 |
_a246 с. _cил. _d21 |
||
| 300 | _aВ надзаг.: М-во образования и науки Рос. Федерации, Федер. агентство по образованию, Федер. гос. образоват. учреждение высш. проф. образования "Чуваш. гос. ун-т им. И.Н. Ульянова" | ||
| 300 | _aЧасть текста на чуваш. яз. | ||
| 320 | _aБиблиогр. в конце докл. | ||
| 601 | 0 | 2 |
_aЧувашский государственный университет им. И.Н. Ульянова _cЧебоксары, город _jСборники _xНаучные конференции студентов _92158541 _3RU\NLR\auth\661299237 |
| 686 | _aЯ431(2Р)31 | ||
| 702 | 1 |
_4340 _8rus _7ca _aИванова _bТ. Н. _cд-р ист. наук _f1956- _gТатьяна Николаевна _3RU\NLR\AUTH\7768480 _951408 |
|
| 711 | 1 | 2 |
_4070 _a"ЧГУ-2007", открытый фестиваль _eЧебоксары _3RU\NLR\AUTH\8810119323 _9737276 |
| 801 | 0 |
_aRU _bNLR _c20080530 _gRCR |
|
| 801 | 1 |
_aRU _bNLR _c20080530 |
|
| 942 | _cBOOK | ||
| 980 | _aNB | ||